00840 a2200181 4500003000500000005001700005040000900022082001000031245005100041260003000092300001100122505034300133538003200476650001800508942001200526999001900538952010100557Nust20170207154215.0 cNust a378.4 aUni of Leeds- PG Prospectus 2001cUni of Leeds aLeedsbUni of Leedsc2001 a252 p. aGeneral Introduction (Page 5-32) Arts (Page 33-72) Business and Social Sciences (Page 73-102) Law (Page 103-110) Education (Page 111-130) Biological Sciences (Page 131-142) Earth and Environment (Page 143-156) Mathematics Physical Sciences (Page 157-172) Engineering (Page 173-196) Medicine Dentistry, Psychology and Health (Page 197-232) aAlmirah No. 117 Shelf No. 2 aPG Prospectus 2ddccBK c195076d195076 00102ddc40708NFICaMCSbMCSd2016-12-12l0o378.4 UNIpMCSPS-69r2016-12-08w2016-12-12yBK